000 00869nam a22002177a 4500
007 00
008 160620b xxu||||| |||| 00| 0 eng d
020 _a978-2-7462-1697-6
040 _aBUAC
_cBUC
041 _aFre.
100 _aChaouchi, Hakima
245 _aLa sécurité dans les réseaux sans fil et mobiles 1 :
_bconcepts fondamentaux
_c/ ss. la dir. de Hakima Chaouchi, Maryline Laurent - Maknavicius
260 _aParis :
_bLavoisier,
_c2007
300 _a239-XII p.
_c24 cm.
_bcouv. en coul. ;
440 _a(Information - Commande - Communication, Série Réseaux et Télécoms)
500 _aCompr. bibliogr. à la fin de chaque chapitre du vol. ; Index : pp. (227-233)
630 _aSciences Appliquées - Techniques
650 _aTélécommunication : réseau : sécurité
700 _aLaurent - Maknavicius, Laurent
942 _cLIVR
999 _c54630
_d54630